Les coachs de Ligue Europa 2025/2026 - Statistiques

Statistiques générales
  • Ce quiz a été pris 5 fois
  • Le résultat moyen est 9 sur 36
Statistiques - réponses
Club Coach Nationalité % Correct
LOSC Lille Bruno Génésio Français
100%
OGC Nice Franck Haise Français
100%
AS Roma Gianpiero Gasperini Italien
100%
Olympique Lyonnais Paulo Fonseca Portugais
100%
Fenerbahçe José Mourinho Portugais
80%
Nottingham Forest Nuno Espirito Santo Portugais
80%
Aston Villa Unai Emery Espagnol
80%
FC Porto Francesco Farioli Italien
60%
Real Bétis Séville Manuel Pellegrini Chilien
60%
Feyenoord Rotterdam Robin van Persie Néerlandais
40%
Celtic Glasgow Brendan Rodgers Nord-Irlandais
20%
PAOK Salonique Răzvan Lucescu Roumain
20%
Rangers Glasgow Russell Martin Anglais
20%
KRC Genk Thorsten Fink Allemand
20%
Bologne FC Vincenzo Italiano Italien
20%
FC Midtjylland Allan Jepsen Danois
0%
SC Braga Carlos Vincens Espagnol
0%
Celta Vigo Claudio Giráldez Espagnol
0%
FC Steaua Bucarest Elias Charalambous Chypriote
0%
SK Brann Freyr Alexandersson Islandais
0%
BSC Young Boys Giorgio Contini Suisse
0%
Malmö FF Henrik Rydström Suédois
0%
SC Freiburg Julian Schuster Allemand
0%
SK Sturm Graz Jürgen Säumel Autrichien
0%
FC Bâle Ludovic Magnin Suisse
0%
Dinamo Zagreb Mario Kovacevic Croate
0%
Go Ahead Eagles Melvin Boel Néerlandais
0%
FC Viktoria Plzeň Miroslav Koubek Tchèque
0%
Ferencavros TC Robbie Keane Irlandais
0%
FC Utrecht Ron Jans Néerlandais
0%
Ludogorets Razgrad Rui Mota Portugais
0%
Panathinaïkos Rui Vitória Portugais
0%
VfB Stuttgart Sebastian Hoeness Allemand
0%
RB Salzbourg Thomas Letsch Allemand
0%
Étoile Rouge de Belgrade Vladan Milojevic Serbe
0%
Maccabi Tel-Aviv Zarko Lazetic Serbe
0%
Aucun quiz correspondant
Distribution des résultats
% des personnes avec chaque résultat
Percentile par nombre de réponses
Votre historique - résultats
Vous n’avez pas pris ce quiz